00708nam a22002057a 450000500170000001000150001702000260003203500130005803700130007108200160008410000170010024500870011726000330020427000460023730000240028350000190030794200300032699900170035695201290037320140820115424.0 aENG-110364 a9789350623299c795.00 aEN-93896 bDBAD/PUB a333.9140954 aShahi, R. V. aLight at the end of the tunnel? : cby R. V. Shahibway forward for power sector / aNew DelhibExcel Booksc2013 aA-45, Naraina, Phase IbNew Delhie110028 axiv,575p.c24cm(Hb) aIncludes index 2ddccENmSHAh333.9140954 c86379d86379 001040718NFICaDBADbDBADd2014-07-03eDBAD/PUBg795.00l0o333.9140954 SHApEN-93896r2014-07-03 00:00:00t1v795.00yEN